000 02255cam a22005054i 4500
003 PE-LiUPU
005 20250731165642.0
008 150616s r 000 0 d
020 _a8876535926
035 _a(Sirsi) i9788876535925
040 _aPE-LiUPU
_bspa
_cPE-LiUPU
_erda
049 _aPRUA
082 0 4 _a220.808
_bS
_221
100 1 _aFitzmyer, Joseph A.,
_eautor.
245 1 3 _aAn Introductory Bibliography for the Study of Scripture.I /
_cJoseph A. Fitzmyer.
264 1 _aRoma :
_bEditrice Pontificio Istituto Biblico,
_c1990.
300 _a216 páginas ;
_c24 centímetros
336 _atext
_2rdacontent
337 _aunmediated
_2rdamedia
338 _avolume
_2rdacarrier
490 0 _aSubsidia Biblica ;
_v3
505 0 _aBibliographies -- Periodicals -- Series -- Introductions to the Biblical Text and Ancient Versions -- Biblical Texts -- Ancient Versions -- Modern Versions -- Lexica -- Grammars -- Concordances -- Dictionaries -- Introductions to the Bible -- Commentaries -- Biblical Theology -- Archaeology -- Geography -- History -- Literature of the Intertestamental Period -- NT Apocrypha -- Gnostic Materials -- Early Literature of the Rabbinic Period (A.D. 200-500) -- Greek and Roman Cultural and Religious Milieu of the NT -- Hermeneutics -- Miscellany -- Biblical text.
526 _aSEG44
526 _aSEG26
526 _aP151
526 _aP150
526 _aP149
526 _aP146
526 _aP145
526 _aP126
526 _aP125
526 _aP92
526 _aP75
526 _aP74
526 _aP27
526 _aP15
630 0 4 _aBiblia
_xBibliografías.
910 _ajck
_bjvq
_cjck
942 _2ddc
_cBOOK
949 _aRC 220.808 S I
_wDEWEY
_c1
_i40619
_lCCODEBUL1
_mBUL
_r0
_sY
_tBOOK
_u2015-6-16
_xTEOLOGIA
_zUNKNOWN
_0COMPRA
_o.CIRCNOTE. No olvidar cambiar la fecha de devolución!!!!!!!
_o.STAFF. Colección General
994 _aC0
_bPEPRU
596 _a1
999 _aRC 220.808 S I
_wDEWEY
_c58407
_i40619
_d58407
_f2021-11-8
_g6
_lCCODEBUL1
_mBUL
_q3
_r1
_sY
_tBOOK
_u2015-6-16
_xTEOLOGIA
_zUNKNOWN
_0COMPRA
_o.CIRCNOTE. No olvidar cambiar la fecha de devolución!!!!!!!
_o.STAFF. Colección General
980 _81
_gALBERTO SANCHEZ Responsable de Automatización